Imágenes por Letra - B - Estadísticas

Estadísticas generales
  • Esta prueba ha sido intentada 74 veces
  • La puntuación promedio es 13 de 16
Estadísticas de respuestas
Imagen Hint Respuesta % Correcto
Político Barack Obama
100%
País Brasil
100%
Animal Burro
100%
Medio de transporte Bicicleta
97%
Parte del cuerpo Brazo
95%
Instrumento musical Batería
94%
Fruta Berenjena
94%
Verdura Brócoli
94%
Deporte Béisbol
91%
Planta Bambú
77%
Religión Budismo
72%
Aleación Bronce
70%
Cantante Billie Eilish
69%
Ciudad Barcelona
64%
Color Burdeos
58%
Isla Bali
41%
No se encontraron pruebas coincidentes
Distribución de puntuación
Porcentaje de gente con cada puntuación
Porcentaje por número respondido
Historial de tus puntuaciones
No has intentado esta prueba.